| 000 | 00999pam a2200301 a 4500 | ||
|---|---|---|---|
| 001 | 015408047 | ||
| 003 | OSt | ||
| 005 | 20201128021118.0 | ||
| 008 | 091028t2011 xxua frbd 001 0 eng d | ||
| 020 | _a9780071220927 (pbk.) | ||
| 020 | _a0071220925 (pbk.) | ||
| 040 |
_aStDuBDS _beng _cStDuBDS _dUk _dEG-ScBUE |
||
| 082 | 0 | 0 |
_a658 _222 _bJON |
| 100 | 1 |
_aJones, Gareth R. _92803 |
|
| 245 | 1 | 0 |
_aEssentials of contemporary management / _cGareth R. Jones, Jennifer M. George. |
| 250 |
_a4th ed., _bMcGraw-Hill international ed. |
||
| 260 |
_aNew York, United States : _bMcGraw-Hill Irwin, _cc.2011. |
||
| 300 |
_axli, 548 p. : _bill. (col.) ; _c26 cm. |
||
| 500 | _aIncludes indexes. | ||
| 500 | _aGlossary : p. 479-490. | ||
| 504 | _aIncludes bibliographical references. | ||
| 650 | 0 |
_aManagement _9553 |
|
| 653 |
_bBUSADM _cNovember2014 |
||
| 655 |
_vreading book _934232 |
||
| 690 | 7 |
_aManagement and Business Studies _2blcoll |
|
| 700 | 1 |
_aGeorge, Jennifer M. _910267 |
|
| 942 |
_2ddc _k658 JON |
||
| 999 |
_c18562 _d18534 |
||